000 01103nam a22002177a 4500
003 OSt
005 20230711140012.0
008 230705s2015 ag ||||| |||| 00| 1 spa d
020 _a9789500437844
040 _bspa
_cbesoc
100 1 _aBlake, Nicholas
_d(1904-1972)
_eautor
245 0 4 _a¡Oh envoltura de la muerte! /
_cNicholas Blake ; traducción de Elvira Martín
250 _a1a ed.
260 _aBuenos Aires :
_bEmecé,
_c2015
300 _a308 p.
490 _aEl séptimo círculo / colección creada por Jorge Luis Borges y Adolfo Bioy Casares
520 _aNigel Strangeways, el ingenioso detective de "La bestia debe morir", visita al casi legendario Fergus O´Brien, as de la aviación en la guerra mundial, inventor de máquinas de combate y lector de Shakespeare. O`Brien ha recibido una serie de cartas anónimas, que lo amenazan de muerte. Dice no tomarlas en serio; pero una noche, en una cabaña rodeada de nieve, ocurre un misterioso asesinato [Nota del editor].
650 4 _aLiteratura inglesa
_vNovelas
_ySiglo XX
700 _aMartín, Elvira
_etraductor
942 _2udc
_cOG
_n0
999 _c32
_d32